[Event "Rohde op 07th"]
[Site "Sautron"]
[Date "2007.10.28"]
[Round "2"]
[White "Abbasov, Farid"]
[Black "Das, Arghyadip"]
[Result "0-1"]
[WhiteElo "2505"]
[BlackElo "2367"]
[Annotator "RR"]
[PlyCount "56"]
[EventDate "2007.10.27"]
[EventType "swiss"]
[EventRounds "9"]
[EventCountry "FRA"]
[SourceTitle "EXT 2008"]
[Source "ChessBase"]
[SourceDate "2007.11.25"]
[SourceVersion "1"]
[SourceVersionDate "2007.11.25"]
[SourceQuality "1"]

1. d4 d5 2. c4 Nc6 3. Nf3 Bg4 4. cxd5 Bxf3 5. dxc6 Bxc6 6. Nc3 e6 7. e4 Bb4 8.
f3 Qh4+ 9. g3 Qf6 10. Be3 O-O-O 11. Qe2 Ne7 ({RR} 11... Ba5 12. Qf2 Ne7 13. a3
Bb6 14. Rd1 Qg6 15. b4 f5 16. b5 Be8 17. Bd3 Rf8 18. exf5 exf5 19. O-O Qf6 20.
Bc4 g5 21. Ne2 Nd5 22. Bd2 Bf7 23. Rc1 f4 24. Bxd5 Rxd5 25. Bb4 Re8 26. Rfd1 {
Ponomarenko,V (2318)-Tishin,P (2400)/Tula 2006/CBM 110 ext/0-1 (32)}) 12. Bg2 (
{RR} 12. O-O-O Ba5 13. h4 h6 14. Bh3 Kb8 15. Qf2 Nc8 16. d5 Bd7 17. e5 Qxe5 18.
Bd4 Qh5 19. Bxg7 Rhg8 20. Bf6 Rde8 21. Ne4 Ba4 22. g4 Qg6 23. h5 Qh7 24. b3
exd5 25. Rxd5 Bb6 26. Bd4 Rxe4 {Nikolic,Z (2470)-Maksimovic,S (2450)/Vrnjacka
Banja 1987/EXT 1997/1-0 (36)}) 12... Ba5 13. O-O-O Bb6 14. f4 $146 (14. Qf2 {
Kanko,I (2345)-Terasti,P Kuopio op1 1-0}) 14... h5 15. Rhf1 Qg6 16. d5 $1 Bd7
17. Bxb6 axb6 18. d6 cxd6 19. Rxd6 Bc6 20. Rfd1 $16 Rxd6 21. Rxd6 h4 22. Nd5 $5
(22. Qe3 {[%cal Ge3b6,Ge3g3]} hxg3 23. hxg3) 22... Bxd5 23. exd5 hxg3 24. dxe6
$4 gxh2 {[%csl Gh2,Gh8][%cal Gh2h1]} 25. Bxb7+ Kb8 $8 (25... Kxb7 26. Qf3+) 26.
Kd2 Qf6 27. Kc2 Qf5+ 28. Kb3 Kxb7 {Malgré cette gaffe terrible dans cette
seconde ronde contre un non titré, le GMI va remporter le tournoi!} 0-1

[Event "Frankfurt"]
[Site "Frankfurt"]
[Date "1990.??.??"]
[Round "?"]
[White "Gutman, Lev"]
[Black "Kozul, Zdenko"]
[Result "0-1"]
[WhiteElo "2475"]
[BlackElo "2575"]
[Annotator "Ribli,Z"]
[PlyCount "59"]
[EventDate "1990.??.??"]
[EventType "tourn"]
[EventRounds "13"]
[EventCountry "GER"]
[EventCategory "7"]
[SourceTitle "CBM 020"]
[Source "ChessBase"]
[SourceDate "1991.02.01"]
[SourceVersion "1"]
[SourceVersionDate "1991.02.01"]
[SourceQuality "1"]

1. c4 Nf6 2. Nc3 d5 3. cxd5 Nxd5 4. Nf3 Nc6 5. d4 Bg4 6. e4 Nxc3 7. bxc3 e5 8.
d5 {-> D 07} Nb8 9. Qa4+ Nd7 10. Nxe5 Qf6 11. f4 Bd6 12. Be2 O-O $5 13. Nxg4
Qxc3+ 14. Kf2 f5 $1 15. Qxd7 fxg4 16. g3 (16. Be3 Rxf4+ $1) 16... Qxa1 17. Qa4
Rae8 18. Re1 Bc5+ 19. Kf1 Qc3 20. Qc4 Bb4 21. d6+ Rf7 22. Rd1 cxd6 23. Qxc3
Bxc3 24. Rxd6 Bb4 25. Rd4 Rc7 26. Bb2 Be7 27. Bxg4 Rc2 28. Ba1 Bc5 29. Rd5 Rxe4
30. Bd1 0-1

[Event "Olympiad-34"]
[Site "Istanbul"]
[Date "2000.11.07"]
[Round "10.2"]
[White "Rogozenco, Dorian"]
[Black "Morozevich, Alexander"]
[Result "0-1"]
[WhiteElo "2531"]
[BlackElo "2756"]
[Annotator "Rogozenco,D"]
[PlyCount "96"]
[EventDate "2000.10.28"]
[EventType "team-swiss"]
[EventRounds "14"]
[EventCountry "TUR"]
[SourceTitle "EXT 2001"]
[Source "ChessBase"]
[SourceDate "2000.11.22"]
[SourceVersion "1"]
[SourceVersionDate "2000.11.22"]
[SourceQuality "1"]
[WhiteTeam "Romania"]
[BlackTeam "Russia"]
[WhiteTeamCountry "ROU"]
[BlackTeamCountry "RUS"]

1. d4 {Dautov} d5 2. c4 Nc6 {Morozevich didn't use Chigorin Defence lately, so
this was rather a surprise for me.} 3. cxd5 Qxd5 4. e3 e5 5. Nc3 Bb4 6. Bd2
Bxc3 7. Bxc3 exd4 8. Ne2 Nf6 9. Nxd4 O-O 10. Nb5 Qg5 11. h4 {This fashionable
move appeared very unattractive to me after Black's answer.} (11. Nxc7 {
I don't really believe White can take this pawn, so if I admit that 11.h4 is
not good either, I wonder why did I choose this line?}) 11... Qh6 $1 {As
Alexander told me after the game, he saw this move in the bulletin of the
Olympiad several rounds before, played in the women's section. I was not so
careful to watch the women's games from the previous rounds and I regreted
that a lot...} (11... Qg6 12. Nxc7 Bg4 13. Bd3 $1 Qh6 14. Qa4 Rad8 15. Bc2 Bc8
16. Rd1 $16 {1-0 Cifuentes Parada,R-Miladinovic,I/Dos Hermanas 2000 (41). This
was the only line I remembered...}) (11... Qg6 $6 {Dautov}) 12. Be2 {'N'
Dautov. I thought a lot here, very unhappy with my position, because I
couldn't really understand why did I have to weaken my position with h4?
Dautov: 'Auf diese "zahme" Art kann Weiß keinen Eröffnungsvorteil erlangen,
aber die Annahme des Bauernopfers ist mit erheblichen Risiken verbunden.'} (12.
Nxc7 $5 {White probably must accept the pawn sac, otherwise Black has a very
pleasant position.} Bg4 13. Qb3 $13 (13. Qb3 {Dautov} Rad8 14. Qxb7 Rd6 $44 {
hat Weiß große Schwierigkeiten, die Initiative des Gegners einzudämmen.} 15.
Nb5 ({oder} 15. Bc4 Rb8 16. Qa6 Rbd8 17. O-O Qxh4 $40 {/\Bh5,Ng4}) 15... Re6 {
/\Re3} 16. Nd4 Rb8 17. Qxc6 (17. Qc7 $2 Nd5 18. Qg3 Nxe3 $17) 17... Rxc6 18.
Nxc6 Re8 $40)) (12. Qf3 {Dautov} Bg4 13. Qg3 Rad8 14. Bc4 a6 $2 {1/2-1/2
Ortega,L-Skembris,S/Cutro 2000} ({wesentlich besser war} 14... Be6 $1 15. Bxe6
fxe6 16. O-O Ne4 $36) 15. Nxc7 Ne4 16. Qxg4 Nxc3 17. bxc3 Ne5 18. Qe4 Qd6 19.
O-O Qxc7 20. Bb3 h5 21. Rfd1 Rde8 22. Qf4 $16 {Timoscenko-Rossato/Padova op/
2000}) 12... Rd8 $15 13. Qc2 {Only here Morozevich started to think, while I
had less than one hour left on the clock.} (13. Qa4 Nd5 14. Rd1 Be6 15. h5 a6
16. Rxd5 Bxd5 17. Nxc7 Rac8 18. Nxd5 Rxd5 19. Bf3 Rdd8 $15 {Dautov: 'Peng
Zhaoqin-Botsari,A/Istanbul 2000' 1/2-1/2 Peng Zhaoqin-Botsari,A/Istanbul TUR
2000 (29). This game was played in round 6, ours in round 10, so I had plenty
of time to mention the important novely 11. ... Qh6!.}) 13... Nd5 {'=' Dautov.
Dautov: 'Schwarz hat mindestens einen bequemen Ausgleich.'} 14. Rd1 (14. O-O-O
Be6 $17 (14... Be6 $1 {Dautov} 15. a3 (15. g4 Ndb4 16. Bxb4 Nxb4 17. g5 Rxd1+
18. Bxd1 Qg6 19. Qxg6 hxg6 20. Bf3 Bxa2 $17) 15... a6 16. Nd4 Nxd4 $1 (16...
Nxc3 17. Qxc3 Nxd4 18. Rxd4 c5 19. Rxd8+ Rxd8) 17. Rxd4 (17. Bxd4 c5 $1 18. Be5
$2 Nxe3 $1 $17) 17... c5 18. Rd2 Nxc3 19. Rxd8+ Rxd8 20. Qxc3 b5 $15) (14... a6
15. Rxd5 $1 axb5 16. Rxd8+ Nxd8 17. a3 $11)) 14... Be6 15. a3 Rd7 $1 (15... a6
16. Nd4 Nxc3 17. Qxc3 Nxd4 18. Rxd4 $11) (15... Nxe3 $5 {After the game
Alexander told me he was calculating a lot this move, but decided that it is
not enough.} 16. fxe3 (16. Rxd8+ Rxd8 17. fxe3 Qxe3 $36) 16... Qxe3 17. Rd3
Rxd3 18. Qxd3 Qc1+ 19. Qd1 Qf4 $44) 16. Nd4 Nxc3 17. Qxc3 Nxd4 18. Rxd4 Rad8 (
18... Qf6 19. Rxd7 Qxc3+ 20. bxc3 Bxd7 21. Bf3 $11) 19. Rxd7 Rxd7 20. Bf3 b6 $1
21. g3 {White needs to castle to equalize the position completely.} (21. b4 $5
Qf6 22. Qxf6 gxf6 23. Be4 c5 24. bxc5 bxc5 25. Ke2 $13) 21... Qf6 $1 {Dautov:
'Weiß hat endlich die kurze Rochade vorbereitet, und der Damentausch ist der
beste Weg für Schwarz, die offene d-Linie auszunutzen.'} (21... c5 22. O-O $11
(22. Qe5 Qf6 $15)) 22. Qxf6 gxf6 {The weaknesses of Black's pawn structure are
not important, cause I can attack the only with the Rook, but he defends it
easily with the King. More important is that I have to keep my King on e1 to
defend the square d2 from his Rook.} 23. h5 h6 (23... Rd3 24. Bd1 (24. h6 Rb3
25. Rh4 Rxb2 26. Rd4 Kf8 $17) 24... Bb3 25. Ke2 Bc4 26. Ke1 Bb3 (26... Rd5 27.
Rh4 $14) 27. Ke2 $11) 24. Rh4 {Dautov: 'Nach der weißen Rochade würde der
schwarze Turm auf die zweite Reihe eindringen, deswegen wählt Rogozenko diese
künstliche Turmentwicklung.'} c5 (24... Rd3 25. Rd4 Rb3 26. Rd2 $11 {/+/=.})
25. Be2 $4 {I relaxed too early, thinking that I avoided the troubles. As it
is often the case, I needed to play another accurate move for that.} (25. b4 $1
$11 {After this move I can hardly believe that White is worse.}) (25. Bg4 f5
26. Be2 Kg7 27. Bc4 Kf6 $15) 25... Bb3 $1 $17 {><Ke1. And we had it all over
again. But this time I wasn't able to get out of troubles. Moreover, I had no
much time left, so I decided to wait, as there was not much else I could do.}
26. Rf4 Kg7 27. g4 Rd6 28. Re4 Kf8 29. Rf4 (29. Bc4 Rd1+ 30. Ke2 Rb1 $19) 29...
a5 30. Re4 Rd8 31. Rf4 Ke7 32. Re4+ Kd6 33. Bd1 $2 (33. Rf4 $142 Ke5 34. Rf5+
Ke6 35. Rf4 {'=' Dautov. and he still must find a way to break through.}) 33...
Be6 {Dautov: '/\f5, /\b5'} 34. Be2 (34. Rf4 {Dautov} Ke5 35. Bc2 b5 $15) 34...
f5 $1 35. gxf5 Bxf5 36. Rf4 Ke5 {'=/+' Dautov.} 37. Rf3 {'?' Dautov. Dautov:
'Ein schlimmer Fehler, der die "Begradigung" des schwarzen Damenflügels durch
b6-b5 möglich macht.'} (37. Bc4 f6 $17) (37. a4 $142 {Dautov} Rg8 $15) 37... b5
{'-/+!' Dautov.} 38. e4 $2 $138 {'?' Dautov.} (38. Bxb5 $2 Bg4 $19) (38. Rf4
$142 $17) (38. Rf4 $142 $17 {Dautov}) 38... Be6 $19 39. Rc3 (39. Bxb5 Bg4 40.
Rd3 Rxd3 41. Bxd3 Bxh5 $19) 39... c4 40. f3 Kf4 41. Rc2 Rd4 42. Bd1 b4 43. axb4
axb4 {'-+' Dautov.} 44. Be2 Ke3 45. Rc1 Rd2 {'!' Dautov.} 46. Bxc4 Rh2 47. Bf1
Rh1 48. Rc2 Bh3 0-1

[Event "Cappelle op 32nd"]
[Site "Cappelle la Grande"]
[Date "2016.02.16"]
[Round "5"]
[White "Sasikiran, Krishnan"]
[Black "Lalic, Bogdan"]
[Result "1-0"]
[WhiteElo "2632"]
[BlackElo "2429"]
[Annotator "Sagar Shah/Lalic,B"]
[PlyCount "87"]
[EventDate "2016.02.13"]
[EventType "swiss"]
[EventRounds "9"]
[EventCountry "FRA"]
[SourceTitle "EXT 2017"]
[Source "ChessBase"]
[SourceDate "2016.10.25"]
[SourceVersion "1"]
[SourceVersionDate "2016.10.25"]
[SourceQuality "1"]

1. d4 d5 2. c4 dxc4 3. e4 Nc6 4. Nf3 Bg4 5. d5 Ne5 6. Bf4 Ng6 7. Be3 Nf6 8. Nc3
e5 9. Bxc4 Nh4 (9... a6 10. Be2 Bd6 11. Nd2 Bxe2 12. Qxe2 O-O 13. O-O Qe7 14.
Rfd1 Rac8 15. g3 h6 16. Rac1 c6 17. Nc4 cxd5 18. Nxd5 Nxd5 19. Rxd5 Bc5 20.
Rcd1 Bxe3 21. Nxe3 Qb4 22. Nf5 Rc4 23. Nd6 Rc6 24. a3 Qb3 25. R5d3 Qb6 26. Nf5
Re8 27. Rd7 Rf6 28. Qg4 Qc6 29. h4 h5 30. Qxh5 Qxe4 31. Rd8 Qc6 32. Qg5 Qe6 33.
R1d6 {1-0 (33) Anand,V (2785)-Vallejo Pons,F (2712) Bilbao 2014}) 10. Rg1 a6
11. Be2 Bxf3 $146 (11... Ng6 12. Nd2 Bd7 13. g3 Bd6 14. h4 h6 15. a3 b5 16. b4
c6 17. Nb3 O-O 18. dxc6 Bxc6 19. Bf3 Rc8 20. Rc1 Re8 21. Nc5 a5 22. Qb3 axb4
23. axb4 Qe7 24. Ke2 Nf8 25. Rgd1 Bxc5 26. Bxc5 Qb7 27. Nd5 Bxd5 28. exd5 e4
29. Bg2 N8d7 30. Bh3 Rcd8 31. Bd4 Ne5 32. Bxe5 Rxe5 33. d6 e3 34. f4 Rd5 35.
Rxd5 Qxd5 36. Qxd5 Nxd5 37. d7 Kf8 38. Rc5 Nxb4 39. Kxe3 Na6 40. Rxb5 Nb8 41.
Rb7 {Wojtaszek,R (2734)-Godena,M (2513) Berlin 2015 1-0}) 12. Bxf3 Nxf3+ 13.
gxf3 g6 14. Qb3 Qc8 15. Rc1 Bd6 16. Na4 Nd7 17. Nc5 b6 18. Nxd7 Qxd7 19. Bg5 f5
20. Bh6 Qb5 21. Rc6 Qxb3 22. axb3 fxe4 (22... O-O-O {B Lalic: fxe4? that was
big blunder, I saw that if I play 22...Kd7 he has 23 exf5 gxf5 24 Rg7+ and
because of that I mechanically exchanged on e4 forgetting that I can castle
long 22...0-0-0}) 23. fxe4 Kd7 24. Rg3 a5 25. Rf3 Rhe8 26. Kd2 a4 27. Kc2 a3
28. bxa3 Rxa3 29. Bg5 Ra2+ 30. Kd3 Rea8 31. Rf7+ Ke8 {The position is slightly
in favour of White. Here instead of taking the h7 pawn Sasi decides to
sacrifice an exchange so that the path of his d-pawn would be cleared.} 32.
Rcxc7 $1 Bxc7 33. Rxc7 Rxf2 $2 (33... R8a7 {was necessary and after} 34. Rc8+
Kf7 35. Be3 $14 {White has an edge.}) 34. d6 $1 {There is no way to stop the
d-pawn now.} Rd8 35. Re7+ Kf8 36. Bh6+ Kg8 37. d7 {The threat of Rd8 forces
Black to give up the rook for the d-pawn.} Rxd7+ 38. Rxd7 {The rest as they
say is matter of technique.} Rxh2 39. Bg5 Rb2 40. Kc4 b5+ 41. Kd5 Rxb3 42. Kxe5
Rc3 43. Bh6 Rh3 44. Kf6 1-0

[Event "Gibraltar Masters 13th"]
[Site "Caleta"]
[Date "2015.01.29"]
[Round "3"]
[White "Ju, Wenjun"]
[Black "Rapport, Richard"]
[Result "1-0"]
[WhiteElo "2547"]
[BlackElo "2716"]
[Annotator "Schulz,Andre"]
[PlyCount "79"]
[EventDate "2015.01.27"]
[EventType "swiss"]
[EventRounds "10"]
[EventCountry "GGB"]
[SourceTitle "CBM 165"]
[Source "ChessBase"]
[SourceDate "2015.03.11"]
[SourceVersion "1"]
[SourceVersionDate "2015.03.11"]
[SourceQuality "1"]

1. d4 d5 2. c4 Nc6 3. Nf3 Bg4 4. Bf4 (4. Nc3 e6 5. Bf4 Bxf3 6. gxf3 Bb4 7. e3
Nge7 8. Qc2 dxc4 9. Bxc4 Nd5 10. Bg3 h5 11. h3 Qd7 12. O-O-O O-O-O 13. Ne4 Kb8
14. Kb1 h4 15. Bh2 Bd6 16. f4 f5 {Diagramm [#]} 17. Ng5 Na5 18. Be2 Rc8 19. Qd2
Bb4 20. Qd3 c5 21. dxc5 Rxc5 22. e4 Rhc8 23. Rc1 Nc4 24. Rxc4 Rxc4 25. exd5
exd5 26. Qb3 Qc6 27. Bxc4 dxc4 28. Qf3 Qb5 29. Qe2 Re8 30. Qc2 c3 31. bxc3
Bxc3+ 32. Qb3 Qd3+ 33. Qc2 Qb5+ 34. Qb3 Qd3+ 35. Qc2 Qb5+ {1/2-1/2 (35)
Gelfand,B (2740)-Ivanchuk,V (2757) London 2013}) 4... Bxf3 5. gxf3 e6 6. e3
Nge7 7. Nc3 a6 8. Qb3 Ra7 9. Rc1 (9. O-O-O $5 {mit der Idee} Na5 (9... dxc4 10.
Bxc4 Na5 11. Qa4+ b5 12. Qxa5 bxc4 13. d5 $18) 10. Qa4+ c6 11. c5) 9... g6 10.
cxd5 Nxd5 11. Bg3 ({Einfacher ist} 11. Nxd5 exd5) 11... Nxc3 12. bxc3 Bd6 13.
c4 Qg5 14. Bg2 Qa5+ 15. Ke2 h5 16. f4 O-O 17. Bh4 Qf5 18. h3 Be7 19. Bg3 h4 20.
Bh2 {Diagramm [#]Der weiße Läufer auf h2 vermittelt keinen guten Eindruck,
findet aber tatscählich noch zurück ins Spiel.} Qa5 21. Rhd1 Bd6 $2 ({
Ivanchuk hätte vielleicht} 21... f5 {gespielt.}) 22. d5 $1 {Die
Befreiungsaktion für den Läufer beginnt.} exd5 23. cxd5 (23. Rxd5 $5 {
war auch nicht von der Hand zu weisen.}) 23... Nb8 24. e4 Re8 25. e5 {Der Lh2
spielt wieder mit.} b6 26. Kf1 Bc5 27. Kg1 $18 {Der weiße König wurde aus
der Schusslinie gebracht und nun wird klar, wie schlecht die schwarze Position
mit dem T auf a7 und dem S auf b8 ist.} Qb5 28. Qc2 Nd7 29. Re1 Bb4 30. Re3 Bc5
31. Re4 Bf8 32. Rc4 Nc5 33. f5 Bg7 34. fxg6 c6 35. dxc6 Bxe5 36. gxf7+ Rxf7 37.
Bd5 Bxh2+ 38. Kxh2 Ne6 39. Qg6+ Kf8 40. Qh6+ 1-0

[Event "Poikovsky Karpov 16th"]
[Site "Poikovsky"]
[Date "2015.09.29"]
[Round "2"]
[White "Korobov, Anton"]
[Black "Morozevich, Alexander"]
[Result "1-0"]
[WhiteElo "2700"]
[BlackElo "2711"]
[Annotator "Schulz,Andre"]
[PlyCount "109"]
[EventDate "2015.09.28"]
[EventType "tourn"]
[EventRounds "9"]
[EventCountry "RUS"]
[EventCategory "17"]
[SourceTitle "CBM 169"]
[Source "ChessBase"]
[SourceDate "2015.11.10"]
[SourceVersion "1"]
[SourceVersionDate "2015.11.10"]
[SourceQuality "1"]

1. d4 d5 2. c4 Nc6 3. Nf3 Bg4 4. Nc3 e6 5. e3 Nf6 6. Qa4 Bxf3 7. gxf3 Bb4 8.
Bg2 dxc4 9. a3 Bxc3+ 10. bxc3 O-O 11. f4 Nd5 12. Qxc4 Na5 13. Qa2 c5 14. Bd2 c4
15. e4 Ne7 16. O-O {[#] Die weiße Position wirkt mit der Bauernmehrheit im
Zentrum und em Läuferpaar optisch attraktiver, aber mit seinem nächsten Zug
neutralisiert Schwarz das weiße Zentrum.} f5 17. Rfe1 Rf6 {Mit dem
Angriffsmotiv Th6, Dh4.} 18. Rab1 Qd7 19. exf5 Nxf5 20. Re5 Nb3 21. Be3 Raf8
22. Qe2 b5 {[#] Eine sehr lebendige Stellung mit Möglichkeiten für beide
Seiten.} 23. Be4 Nd6 24. Bc2 {[#]} Qc6 $6 {Den Zug finden die kybernetischen
Anlysten nicht gut. Der Vorstoß d4-d5 gewinnt an Kraft.} (24... a6 $5 25. Rd1
Nf7 $14) 25. Rd1 a5 $6 (25... a6) 26. Qg4 Nf7 27. d5 exd5 28. Rexd5 Rh6 29. Qd7
{[#]} Qf6 $2 ({Nötig war} 29... Qxd7 30. Rxd7 Rb8) 30. Rxb5 Qxc3 (30... Qh4
31. h3 Qxh3 32. Qxh3 Rxh3 33. Be4 $18 {Die schwarzen Damenflügelbauern fallen.
}) 31. Be4 Rf6 32. Rb7 a4 33. Rc7 Qb2 34. Rxc4 Qe2 35. Rc2 Qh5 36. Kh1 Rh6 {
[#] Schwarz steht insgesamt schlecht, hat aber noch etwas Gegenspiel am
Königsflügel, das aufmerksame Verteidigung erfordert.} 37. h3 (37. f3 $1 $18)
37... g5 38. Rg1 $2 {Wirft einen Teil des Vorteils weg.} (38. fxg5 {war
ausreichend:} Qxh3+ 39. Qxh3 Rxh3+ 40. Kg2 $18) 38... Rd8 $2 ({Stattdessen
führt} 38... Qxh3+ {hier zu einer unklaren Situation.} 39. Qxh3 Rxh3+ 40. Kg2
Rh4 41. Kg3 Nd6 42. Bd3 h5 43. fxg5 Rg4+ 44. Kh2 Rh4+ 45. Kg2 Nd4 $16 {Weiß
muss noch arbeiten.}) 39. Rxg5+ ({Gut war auch} 39. Qxd8+ Nxd8 40. Rxg5+ Kf8
41. Rxh5 Rxh5 42. Rc8 $18) 39... Kf8 40. Rxh5 Rxd7 41. Rxh6 Nxh6 42. Rc4 Nd2
43. Rxa4 Nxe4 44. Rxe4 {Der Rest ist einfach:} Rd1+ 45. Kg2 Kf7 46. Re5 Kf6 47.
a4 Nf5 48. a5 Ra1 49. Bb6 Ra3 50. Bd8+ Kg6 51. Re6+ Kf7 52. Rf6+ Ke8 53. Rxf5
Kxd8 54. Re5 Kd7 55. f5 1-0